000 01268namaa2200313 i 4500
003 EG-GICUC
005 20260303110823.0
008 260303s1988 ua ab||jr|||| 001 0 ara d
017 _a1989 / 3350
_bدار الكتب والوثائق القومية (مصر)
040 _aEG-GiCUC
_bara
_cEG-GiCUC
_dEG-GiCUC
_erda
043 _ama-----
082 0 4 _221
_a330.956
_bM9922
092 0 4 _221
_a330.956
_bM9922
099 _a330.956 M9922 1976
100 1 _eمؤلف.
111 2 _aالمؤتمر الجغرافى العربى
_c(بغداد :
_d1976 :
_nالثانى)
245 1 _aبحوث المؤتمر الجغرافى العربى الثانى /
264 _aالقاهرة (مصر) :
_bالمجلس الاعلى للثقافة،
_c1988.
300 _a645 صفحة :
_bإيضاحيات، خرائط ؛
_c24 سم
336 _2rdacontent
_atext
337 _2rdamedia
_aUnmediated
338 _2rdacarrier
_avolume
504 _aيشتمل على ارجاعات ببليوجرافية.
541 _aد. جابر عصفور ؛
_bالقاهرة ؛
_cإهداء ؛
_d2024.
651 1 7 _2qrmak
_aالعالم العربى
_xالاحوال الاقتصادية
710 2 _aاتحاد الجغرافيين العرب
905 _aAya
942 _2ddc
_cBK
_e21
_n0
999 _c178816
_d178816